01483nam a22003017a 4500003000900000005001700009007000300026008003200029020001800061040002500079082002600104100004700130245015900177260003900336300005200375500006100427590002900488650003200517650002100549650003800570651005000608910004700658942001400705952014500719952015000864952015001014999001701164DO-SdBNP20240502121957.0ta210722b 2020 dr a 00| 0 eng d a9789945454628 aDO-SdBNPbspacBNPHU 4a304.820946bC422m2221 aCéspedes Calderón, Ana María9793531 aMigración a España: etnia y género : belementos referenciales claves, de la desigualdad de la mujer inmigrante /cAna María Céspedes Calderón aSanto Domingo : bManatí,c2020. a146 p. :bil., fots., grafcs., rets. ;c23 cm.  aIncluye datos biográficos de la autora en las solapas. aInventariado, 2021 /LP  4aMujeres inmigrantes 937998 0a Igualdad912328 4aMujeresxAspectos sociales961868 4aEspañaxEmigración e inmigración 96797 aLopérez/Validado. Control de calidad MFF 2ddccLBS1 00102ddc51708PDaBNPHUbBNPHUcHDd2021-07-22eDepósito Legal l0oBNPHU PD 304.820946 C422mp2021-25314r2021-07-22w2021-07-22yLBS1 00102ddc51708PDaBNPHUbBNPHUcHDd2021-07-22eDepósito Legal l0oBNPHU PD 304.820946 C422mp2021-25315r2021-07-22te.2w2021-07-22yLBS1 00102ddc56708DSaBNPHUbBNPHUcHDd2021-07-22eDepósito Legal l0oBNPHU DS 304.820946 C422mp2021-25316r2021-07-22te.3w2021-07-22yLBS1 c50161d50161